000 01143nam a2200277Ia 4500
001 ebr10504682
003 CaPaEBR
006 m u
007 cr cn|||||||||
008 111102s2011 ne sb 001 0 eng d
020 _z9781608052431
040 _aCaPaEBR
_cCaPaEBR
035 _a(OCoLC)763161044
050 1 4 _aHD1415
_b.R47 2011eb
245 0 0 _aResearch topics in agricultural and applied economics.
_nVolume 2
_h[electronic resource] /
_ceditor, Anthony N. Rezitis.
260 _aHilversum, The Netherlands :
_bBentham Science Publishers,
_c2011.
300 _av, 169 p.
504 _aIncludes bibliographical references and index.
533 _aElectronic reproduction.
_bPalo Alto, Calif. :
_cebrary,
_d2013.
_nAvailable via World Wide Web.
_nAccess may be limited to ebrary affiliated libraries.
650 0 _aAgriculture
_xEconomic aspects.
650 0 _aAgriculture
_xResearch.
655 7 _aElectronic books.
_2local
700 1 _aRezitis, Anthony N.
710 2 _aebrary, Inc.
856 4 0 _uhttp://site.ebrary.com/lib/rucke/Doc?id=10504682
_zAn electronic book accessible through the World Wide Web; click to view
999 _c114457
_d114457